Sharjah Art Foundation Library

Kapaemahu/ (Record no. 6519)

MARC details
000 -LEADER
fixed length control field 01159nam a2200205Ia 4500
001 - CONTROL NUMBER
control field 6519
008 - FIXED-LENGTH DATA ELEMENTS--GENERAL INFORMATION
fixed length control field 260427s9999 xx 000 0 und d
020 ## - INTERNATIONAL STANDARD BOOK NUMBER
International Standard Book Number 9780593530061
245 #0 - TITLE STATEMENT
Title Kapaemahu/
Statement of responsibility, etc. Authors: Hinaleimoana Wong-Kalu, Dean Hamer, and Joe Wilson. Illustrator: Daniel Sousa
260 ## - PUBLICATION, DISTRIBUTION, ETC.
Place of publication, distribution, etc. NY;
Name of publisher, distributor, etc. Kokila/Penguin Random House;
Date of publication, distribution, etc. 2022
300 ## - PHYSICAL DESCRIPTION
Extent 50p;
Dimensions 24x24cm
520 ## - SUMMARY, ETC.
Summary, etc. In the 15th century, four Mahu sail from Tahiti to Hawaii and share their gifts of science and healing with the people of Waikiki. The islanders return this gift with a monument of four boulders in their honor, which the Mahu imbue with healing powers before disappearing. As time passes, foreigners inhabit the island and the once-sacred stones are forgotten until the 1960s. Though the true story of these stones was not fully recovered, the power of the Mahu still calls out to those who pass by them at Waikiki Beach today.
546 ## - LANGUAGE NOTE
Language note Hawaiian; English
650 ## - SUBJECT ADDED ENTRY--TOPICAL TERM
Topical term or geographic name entry element Folk literature
9 (RLIN) 9343
650 ## - SUBJECT ADDED ENTRY--TOPICAL TERM
Topical term or geographic name entry element Indigenous societies
9 (RLIN) 9260
650 ## - SUBJECT ADDED ENTRY--TOPICAL TERM
Topical term or geographic name entry element PN1-6790 Literature (General)
9 (RLIN) 21
651 ## - SUBJECT ADDED ENTRY--GEOGRAPHIC NAME
Geographic name Hawaii
9 (RLIN) 2928
655 ## - INDEX TERM--GENRE/FORM
Genre/form data or focus term Illustrated volume
9 (RLIN) 9344
942 ## - ADDED ENTRY ELEMENTS (KOHA)
Koha item type Book
Holdings
Withdrawn status Lost status Damaged status Not for loan Collection Home library Current library Shelving location Date acquired Source of acquisition Total Checkouts Full call number Barcode Date last seen Price effective from Koha item type
        Language and Literature SAF Reference Library SAF Reference Library   04/27/2026 SB15 reading room- Meleanna Meyer   PN1-6790 80.34 6519 04/27/2026 04/27/2026 Book

Copyright © 2022. Sharjah Art Foundation. All Rights Reserved.